000 01336aam a2200325 i 4500
001 768711401
003 CO-MdFUSB
005 20220302121348.0
007 ta
008 220225t1990 -us |||| |||| 00| 0 spa d
020 _a842362541
040 _bspa.
_aCO-MdFUSB
_cCO-MdFUSB
_dCO-MdFUSBC
_erda
041 _aspa
082 0 4 _a248.4
_223
_bL183u
100 1 _aLaHaye, Tim
_eautor
245 1 0 _aTemperamentos controlados por el Espíritu
_c/ Tim LaHaye
264 1 _aEstados Unidos :
_bUnilit,
_c[1990]
264 4 _c© 1990
300 _a217 páginas
_c; 18 cm
336 _atexto
_btxt
_2rdacontent
337 _2rdamedia
_asin mediación
_bn
338 _2rdacarrier
_avolumen
_bnc
505 _aSe nace con el. -- Se puede cambiar el temperamento. -- Conozcamos los cuatro temperamentos básicos. -- Lo positivo y lo fuerte en los temperamentos. -- Debilidades temperamentales. -- El temperamento lleno del Espíritu. -- Cómo ser llenos del Espíritu. -- La ira entristece al Espíritu Santo. -- El temor apaga el Espíritu Santo. -- La depresión: su causa y curación. -- Cómo superar nuestras debilidades. -- Temperamentos modificados por el Espíritu Santo.
563 _aRústico
650 1 0 _aEspíritu Santo
_950
650 1 0 _aVida cristiana
_919
653 _aTemperamentos
942 _cBK
945 _aJTF-925
999 _c35806
_d35806